ՀՀ Գիտությունների ազգային ակադեմիայի հիմնարար գիտական գրադարան  =   Fundamental Scientific Library of NAS RA

Ցուցահանդեսը նվիրվում է Հայաստանի Հանրապետության անկախության 30 ամյակին = (Record no. 541428)

MARC details
000 -LEADER
fixed length control field 00972nam a2200205 u 4500
003 - CONTROL NUMBER IDENTIFIER
control field AM-YEHGA
005 - DATE AND TIME OF LATEST TRANSACTION
control field 20260309164103.0
008 - FIXED-LENGTH DATA ELEMENTS--GENERAL INFORMATION
fixed length control field 260209s2021 ai a|||| |||| 00| 0|arm|d
040 ## - CATALOGING SOURCE
Original cataloging agency AM-YeHGA
041 0# - LANGUAGE CODE
Language code of text/sound track or separate title arm
-- rus
001 - CONTROL NUMBER
control field 2048413
245 00 - TITLE STATEMENT
Title Ցուցահանդեսը նվիրվում է Հայաստանի Հանրապետության անկախության 30 ամյակին =
Remainder of title Выставка посвящается 30-летию независимости Республики Армения /
Statement of responsibility, etc. ՀՆՄ; ԺՏՁՑ «Հայաստան» տաղավար.
260 ## - PUBLICATION, DISTRIBUTION, ETC.
Place of publication, distribution, etc. Երևան ։
Name of publisher, distributor, etc. Հայաստանի նկարիչների միություն,
Date of publication, distribution, etc. 2021․
300 ## - PHYSICAL DESCRIPTION
Extent 32 էջ ։
Other physical details նկ․
546 ## - LANGUAGE NOTE
Language note Բնագիրը՝ զուգ․ հայ․ և ռուս․
650 14 - SUBJECT ADDED ENTRY--TOPICAL TERM
Topical term or geographic name entry element Գեղանկարչություն
710 2# - ADDED ENTRY--CORPORATE NAME
Corporate name or jurisdiction name as entry element Հայաստանի նկարիչների միություն
710 2# - ADDED ENTRY--CORPORATE NAME
Corporate name or jurisdiction name as entry element ԺՏՁՑ «Հայաստան» տաղավար
942 ## - ADDED ENTRY ELEMENTS (KOHA)
Source of classification or shelving scheme Universal Decimal Classification
Koha item type Գրքեր / Books
Holdings
Withdrawn status Lost status Source of classification or shelving scheme Damaged status Not for loan Collection Home library Current library Date acquired Total checkouts Full call number Barcode Date last seen Price effective from Koha item type Public note
    Universal Decimal Classification     General Fundamental Scientific Library Fundamental Scientific Library 09/02/2026   Բր 22052 FL0701358 09/02/2026 09/02/2026 Գրքեր / Books 30 Days Loan


ՀՀ ԳԱԱ հիմնարար գիտական գրադարան
ՀՀ,Երևան 0019
Մարշալ Բաղրամյան 24/6
հեռախոս:(374-10) 52-47-50
Հետադարձ կապ

All site content, except where otherwise noted, is licensed under a
Creative Commons License